000 00881nam a2200265 i 4500
003 EG-ScBUE
005 20260510084441.0
008 200219t2016 enka f 000 0 eng d
020 _a9781530799626
040 _aEG-ScBUE
_beng
_erda
_cEG-ScBUE
_dEG-ScBUE
082 0 4 _a006.693
_bTHI
_222
100 1 _aThilakanathan, Danan,
_eauthor.
245 1 0 _a3D modeling for beginners :
_blearn everything you need to know about 3d modeling! /
_cDanan Thilakanathan.
264 1 _a[London] :
_bThilakanathan Studios,
_c[2016]
264 4 _cc2016
300 _aiv, 231 pages :
_bcolor illustrations ;
_c24 cm
336 _2rdacontent
_atext
_btxt
337 _2rdamedia
_aunmediated
_bn
338 _2rdacarrier
_avolume
_bnc
650 7 _aThree-dimensional imaging.
_2BUEsh
650 7 _aComputer simulation.
_2BUEsh
653 _cMay2026
_bART
655 _vReading book
942 _2ddc
_cBB
999 _c31201
_d31172